MARC

LEADER 00000nas a2200000 i 4500
001 ssj0001077880
003 WaSeSS
005 20200512172242.0
006 m d
007 cr n
008 140107u20uuuuuuenkf| p|s|||||| |0eng d
035 |a (WaSeSS)ssj0001077880 
040 |a WaSeSS  |b eng  |c WaSeSS  |d WaSeSS 
043 |a u-at--- 
050 1 4 |a HD61 
245 0 0 |a Risk Australia  |h [electronic resource]. 
260 |a London :  |b Incisive Media Plc 
310 |a Semiannual 
506 |a License restrictions may limit access. 
588 |a Description based on: Winter 2010; title from article pdf (ProQuest, viewed Jan. 7, 2014). 
588 |a Latest issue consulted: Spring 2011 (viewed Jan. 7, 2014). 
650 0 |a Risk management  |z Australia  |v Periodicals. 
650 0 |a Financial risk management  |z Australia  |v Periodicals. 
650 0 |a Risk management  |v Periodicals. 
650 0 |a Financial risk management  |v Periodicals. 
655 0 |a Electronic journals. 
856 4 0 |z Full text available from Research Library: 01/01/2010 to 04/30/2011  |u https://search.proquest.com/publication/236243